000 00212nam a22000857a 4500
008 170626b xxu||||| |||| 00| 0 eng d
100 _93677
_aCBSE
245 _aSocial science with extra 2020
260 _aNew Delhi
_c2002
999 _c7092
_d7092